Αξιοποίηση ασύρματων δικτύων τηλεπικοινωνιών για τον προσδιορισμό περιβαλλοντικών παραμέτρων : πτυχιακή εργασία

Στόχος της παρούσας πτυχιακής εργασίας είναι η εύρεση της συσχέτισης μεταξύ ρυθμού βροχοπτώσεως και της μείωσης ισχύς στην τάση των ασυρμάτων δικτύων με τη χρήση laser-link. Σύμφωνα με την υπάρχουσα βιβλιογραφία η πτώση της ισχύς της τάσης στις τηλεπικοινωνίες όπως σαυτή των Radar οφείλεται σε περιβ...

Πλήρης περιγραφή

Αποθηκεύτηκε σε:
Λεπτομέρειες βιβλιογραφικής εγγραφής
Κύριος συγγραφέας: Σαμπράκος, Αντώνιος
Συγγραφή απο Οργανισμό/Αρχή: Πανεπιστήμιο Αιγαίου. Σχολή Θετικών Επιστημών. Τμήμα Στατιστικής και Αναλογιστικών-Χρηματοοικονομικών Μαθηματικών
Μορφή: Thesis Βιβλίο
Γλώσσα:Greek
Δημοσίευση: 2009.
Θέματα:
Διαθέσιμο Online:http://hdl.handle.net/11610/8092
Ετικέτες: Προσθήκη ετικέτας
Δεν υπάρχουν, Καταχωρήστε ετικέτα πρώτοι!

MARC

LEADER 00000cam a2200000 i 4500
001 1/10287
008 100921s2010 gr | ||| |||| ||gre||
035 |l 10108959 
040 |a GR-MyUA  |b gre  |e AACR2 
041 0 |a gre 
082 0 |a 551.6353   |2 (22) 
100 1 |a Σαμπράκος, Αντώνιος. 
245 1 0 |a Αξιοποίηση ασύρματων δικτύων τηλεπικοινωνιών για τον προσδιορισμό περιβαλλοντικών παραμέτρων :   |b πτυχιακή εργασία /   |c Αντώνιος Σαμπράκος ; επιβλέπων καθηγητής Λέκκας Φ. Δημήτριος.  
260 |c 2009.  
300 |a 39 σ. :   |b εγχρ. εικ., διαγρ., πιν. ;   |c 30 εκ.  
500 |a Μέλη της εξεταστικής επιτροπής: Λέκκας Φ. Δημήτριος, Γεωργίου Στέλιος, Μαραβελάκης Πέτρος.  
502 |a Πτυχιακή εργασία – Πανεπιστήμιο Αιγαίου, Σάμος, 2010. 
504 |a Βιβλιογραφία: σ. 37-39.  
506 0 |a Διάθεση πλήρους κειμένου - Ελεύθερη πρόσβαση.  
520 |a Στόχος της παρούσας πτυχιακής εργασίας είναι η εύρεση της συσχέτισης μεταξύ ρυθμού βροχοπτώσεως και της μείωσης ισχύς στην τάση των ασυρμάτων δικτύων με τη χρήση laser-link. Σύμφωνα με την υπάρχουσα βιβλιογραφία η πτώση της ισχύς της τάσης στις τηλεπικοινωνίες όπως σαυτή των Radar οφείλεται σε περιβαλλοντικούς παραμέτρους. Για την εύρεση της σχέσης του ρυθμού βροχοπτώσεως και της ισχύς στην τάση των Laser-Link χρησιμοποιήθηκε το εκθετικό μοντέλο τεσσάρων παραμέτρων f(x)=a*exp(b*x)+ c*exp(d*x) μετά από πειραματισμούς και με άλλα μοντέλα. Συγκεκριμένα στο Κεφάλαιο 1ο παρουσιάζεται ο τρόπος λειτουργίας των Radar αλλά και τρόποι μέτρησης του ρυθμού βροχοπτώσεως και γενικά της βροχής με την χρήση βροχόμετρων. Ακόμα αναφέρονται γενικές έννοιες στην λειτουργία των ασυρμάτων δικτύων όπως και στα ασύρματα δίκτυα με την χρήση Laser-Link. Στο Κεφάλαιο 2ο παρουσιάζεται η επίδραση των περιβαλλοντικών παραμέτρων στις τηλεπικοινωνίες όπως αυτοί της βροχής, της υγρασίας, της χιονοπτώσεως αλλά και λόγο σωματιδίων. Αναφέρονται ήδη υπάρχουσες σχετικές μελέτες για την επίδραση περιβαλλοντικών παραγόντων στην ισχύ των σημάτων τηλεπικοινωνίας και συγκεκριμένα παρουσιάζονται αναλυτικά τα μοντέλα της ITU (International Telecommunication Union) και του Crane. Τέλος στο Κεφάλαιο 3ο γίνεται λεπτομερής παρουσίαση των δεδομένων της ισχύς της τάσεως των Laser-Link και του ρυθμού βροχοπτώσεως όπως και όλης της μεθοδολογίας που ακολουθήθηκε με την βοήθεια του προγράμματος Matlab 2008b. Αναλύεται η χρήση του εκθετικού μοντέλου στην εξαγωγή προσαρμογών και παρουσιάζονται τα διαγράμματα συσχέτισης μεταξύ ρυθμού βροχοπτώσεως και ισχύς της τάσεως των Laser-Link όπως και αντίστοιχοι πίνακες που παρουσιάζουν την συσχέτιση αυτή αλλά τις εκτιμήσεις που βρέθηκαν. 
540 |a Κλειδωμένη η δυνατότητα αντιγραφής (copy) του κειμένου.  
610 2 0 |a University of the Aegean  |x Dissertations. 
650 0 0 |a Radar meteorology. 
650 0 0 |a Rain and rainfall  |x Measurement. 
650 0 0 |a Dissertations, Academic  |z Greece. 
700 1 |a Λέκκας, Δημήτριος-Φραγκίσκος Θ.  |e dgs 
710 2 |a Πανεπιστήμιο Αιγαίου.   |b Σχολή Θετικών Επιστημών.   |b Τμήμα Στατιστικής και Αναλογιστικών-Χρηματοοικονομικών Μαθηματικών. 
852 |a INST  |b SAMOS  |c DIATR  |e 20100921  |h 551.6353 ΣΑΜ  |p 005300031292  |q 005300031292  |t DIE  |y 23 
852 |a INST  |b SAMOS  |c DIATR  |e 20100921  |h 551.6353 ΣΑΜ  |p 005300031293  |q 005300031293  |t DIE  |y 23 
856 |u http://hdl.handle.net/11610/8092 
901 |a BIBL3-2010-3 
909 |a Σ  |b 166058 
909 |a Σ  |b 166059 
924 |a ΣΑΜΠΡΑΚΟΣ  |b ΑΝΤΩΝΙΟΣ  |y Σάμος  |z 2010-09 
970 |a ΚΟΣΙΕΡΗΣ  |b ΧΡΗΣΤΟΣ  |z 2010/09/21